| 000 | 00639nam a22002177a 4500 | ||
|---|---|---|---|
| 999 |
_c5152 _d5152 |
||
| 003 | AR-CdUCM | ||
| 008 | 190312b ||||| |||| 00| 0 spa d | ||
| 040 |
_aMUNICIPALIDAD PROVINCIAL DEL CUSCO _cBIBLIOTECA MUNICIPAL DEL CUSCO |
||
| 082 |
_a869.56 / _bP426 |
||
| 100 |
_aPeralta, Alejandro _915650 |
||
| 245 | _aPoesía de entretiempo / | ||
| 260 |
_aLima : _bEdiciones Andimar, _c1968. |
||
| 300 |
_a207 paginas ; _c21 cm. |
||
| 500 | _aDonación familia Nieto | ||
| 505 | _aContenido :Poesías / | ||
| 650 |
_aLiteratura peruana _9169 |
||
| 650 |
_aSiglo XX _98 |
||
| 650 |
_aPoesías _92272 |
||
| 942 |
_2ddc _cLIBROS |
||
| 945 | _arjall | ||